Normal view
MARC view
- التربية الفنية - طرق تدريس - المرحلة الاساسية
Entry Topical Term
001 - CONTROL NUMBER
- control field: 22761
003 - CONTROL NUMBER IDENTIFIER
- control field: JO-AjAnu
005 - DATE AND TIME OF LATEST TRANSACTION
- control field: 20230606073925.0
008 - FIXED-LENGTH DATA ELEMENTS
- fixed length control field: 230606|| aca||aabn | a|a d
040 ## - CATALOGING SOURCE
- Original cataloging agency: JO-AjAnu
- Transcribing agency: JO-AjAnu
150 ## - HEADING--TOPICAL TERM
- Topical term or geographic name entry element: التربية الفنية - طرق تدريس - المرحلة الاساسية
670 ## - SOURCE DATA FOUND
- Source citation: Work cat.: (JO-AjAnu)11697: إعداد وتاليف غنيم، خالد إسماعيل علي, author 22760, تعليم التربية الفنية للمرحلة الأساسية